Statistics for Historical Timeline of Croatia

Click here to take the quiz!

General Stats

  • This quiz has been taken 120 times
  • The average score is 10 of 13

Answer Stats

Year Hint Answer % Correct
27 BCR____ EmpireRoman Empire
97%
800Duchy of C______Duchy of Croatia
97%
925Kingdom of C______Kingdom of Croatia
97%
1918Kingdom of Y_________Kingdom of Yugoslavia
97%
1945Y_________Yugoslavia
97%
1991C______Croatia
97%
1868A______-H______Austria-Hungary
78%
1527H_______ MonarchyHabsburg Monarchy
74%
553B________ EmpireByzantine Empire
69%
567Av__ KhaganateAvar Khaganate
59%
493Ostro______ KingdomOstrogothic Kingdom
53%
1943G______Germany
53%
1358Republic of Ra____Republic of Ragusa
40%

Score Distribution

Percentile by Number Answered

Percent of People with Each Score

Your Score History

You have not taken this quiz